000 00275nam a22001217a 4500
008 180914b xxu||||| |||| 00| 0 eng d
041 _aeng
080 _a574
100 _a9
101 _aMJE
245 _aFirst Principles Of Agriculture
_cMayne.g
942 _2udc
_cBK
999 _c47745
_d47745